000 00853nam a2200265Ia 4500
001 16367
003 GE_BSU
008 181216s||||||||xx |||||||||||||| ||und||
020 _a9785458257039
040 _cGE_BSU
100 _aКасаткин,А.Г.
245 _aОсновные процесы и аппараты химической технологии.
245 _cРед.М.М.Ратманский.худ,н,в,носов
250 _aиздание десятое
260 _aМосква
260 _bкнига по требанию
260 _c1973
300 _a752 стр. 28см.
300 _c5табл 470 рис
541 _h120 Л
653 _aОсновные процесы и аппараты химической технологии.
653 _aхимия
653 _aქიმია
942 _cBK
999 _c49444
_d49444